000
00366nam a2200145Ia 4500
008
230718s9999 xx 000 0 und d
041
_a
Eng.
082
_a
340.59
_b
عبد-آ
100
_a
عبدالرحیم سر
245
0
_a
آصول، فقہ اسلام
260
_a
Pakistan
_b
منصور بک ہائوس
_c
2007
300
_a
527
650
_a
Law
999
_c
27815
_d
27815